| 000 | 00608nam a22001337a 4500 | ||
|---|---|---|---|
| 008 | 140911b xxu||||| |||| 00| 0 eng d | ||
| 050 | _aKF101.A312(vol. 6) | ||
| 245 |
_aCases Argued and Decided in the Supreme Court of the United States: _b9, 10, 11, 12 Wheaton, U.S. Lawyers' edition, complete with head lines, head notes, statements of cases, points and authorities of counsel, foot notes and parallel references. / _cStephen K. Williams |
||
| 260 |
_aNew York: _bThe Lawyers co-operative pub. co., _c1882. |
||
| 300 |
_a757p. _c24cm. |
||
| 440 | _vVol. 6 | ||
| 800 | _aWilliams, K. Stephen | ||
| 942 |
_2lcc _cBK |
||
| 999 |
_c4718 _d12218 |
||